ბათუმის შოთა რუსთაველის სახელმწიფო უნივერსიტეტის ბიბლიოთეკა

ზუბალაშვილები, დავით სარაჯიშვილი, აკაკი ხოშტარია, მიტროფანე ლაღიძე და სხვანი... / (ბიბ.ჩანაწერი № 58767)

000 -ლიდერი
ფიქსირებული სიგრძის საკონტროლო ველი 01467nam a22002417a 4500
003 - საკონტროლო ნომრის იდენტიფიკატორი
საკონტროლო ველი Ge_BSU
005 - ბოლო ოპერაციის თარიღი და დრო
საკონტროლო ველი 20220719151929.0
008 - ფიქსირებული სიგრძის მონაცემთა ელემენტები - ზოგადი ინფორმაცია
ფიქსირებული სიგრძის საკონტროლო ველი 220719s2020ge xxu||||| |||| 00| 0 geo d
020 ## - წიგნის საერთაშორისო სტანდარტული ნომერი
International Standard Book Number 9789941829536
041 ## - ენის კოდი
Language code of text/sound track or separate title geo
080 ## - უნივერსალური ათობითი კლასიფიკაციის ინდექსი
Universal Decimal Classification number 929(479.22) ჯ-21
100 ## - მთავარი ჩანაწერი - პიროვნების სახელი
Personal name ჯანელიძე, ოთარ.
9 (RLIN) 1743
245 ## - ცნობა სათაურის შესახებ
Title ზუბალაშვილები, დავით სარაჯიშვილი, აკაკი ხოშტარია, მიტროფანე ლაღიძე და სხვანი... /
Statement of responsibility, etc ოთარ ჯანელიძე, რედ. პაატა ნაცვლიშვილი, დიზ. ელენე ვარამაშვილი.
264 ## - წარმოების, გამოცემის, დისტრიბუციის და სხვა ცნობები
გამოცემის, წარმოების, დისტრიბუციის... ადგილი თბილისი :
გამოცემის, წარმოების, დისტრიბუციის... სახელწოდება ალტერნატიული მედია საშუალება,
გამოცემის, წარმოების, დისტრიბუციის... თარიღი 2020.
300 ## - ფიზიკური აღწერა
Extent 432 გვ. :
Other physical details ილ. ;
Dimensions 21 სმ.
504 ## - BIBLIOGRAPHY, ETC. NOTE
Bibliography, etc ბიბლიოგრაფია ტექსტის შენიშვნებში.
653 ## - INDEX TERM--UNCONTROLLED
Uncontrolled term გამოჩენილ ქართველ ადამიანთა ბიოგრაფიები.
653 ## - INDEX TERM--UNCONTROLLED
Uncontrolled term ქართველი ქველმოქმედები.
700 ## - ADDED ENTRY--PERSONAL NAME
Personal name ნაცვლიშვილი, პაატა
Relator term რედაქტორი
9 (RLIN) 14447
700 ## - ADDED ENTRY--PERSONAL NAME
Personal name ვარამაშვილი. ელენე
Relator term დიზაინი
9 (RLIN) 5082
773 ## - HOST ITEM ENTRY
Title ნაჩუქარი
942 ## - ADDED ENTRY ELEMENTS (KOHA)
Source of classification or shelving scheme
Koha item type წიგნი
ეგზემპლარები
ჩამოწერის სტატუსი დაკარგული ეგზემპლარის სტატუსი კლასიფიკაციის წყარო ან თაროზე გაწყობის სქემა დაზიანების სტატუსი არ გაიცემა მუდმივი მდებარეობა (დაცვის ადგილი) ამჟამინდელი ადგილსამყოფელი თაროზე განთავსების ადგილი შეძენის თარიღი ღირებულება, შესყიდვის ნორმალური ფასი სრული შენახვის შიფრი შტრიხკოდი ბოლო ოპერაციის თარიღი ეგზემპლარის მიმდევრობითი ნომერი (კეტერი?) ფასის ძალაში შესვლის თარიღი ეგზემპლარის სახეობა საჯარო შენიშვნა
          ბათუმის შოთა რუსთაველის სახელმწიფო უნივერსიტეტის მთავარი ბიბლიოთეკა ბათუმის შოთა რუსთაველის სახელმწიფო უნივერსიტეტის მთავარი ბიბლიოთეკა წიგნსაცავი 2022-07-19 12.00 929(479.22) ჯ-21 63002 2022-07-19 63002 2022-07-19 წიგნი 12.00